• 首页
  • 本馆介绍
  • 公告通知
  • 最新文献
  • 馆藏检索
  • 电子资源
  • 读者导购
  • 参考咨询
  • 我的图书馆
  • 登录
  • 详细信息显示
  • 放入我的书架
  • 预约/预借图书
  • 作者相关作品
  • 分类相关作品
  • 丛书相关作品
  • 出版社相关作品

书目信息

  • 表格格式
  • 工作单格式
  • 卡片格式
题名:
国民财富的性质和原因的研究
    
 
作者: 亚当·斯密 ;郭大力 译
分册: (上)  
出版信息:   商务印书馆  
页数: 382
开本: 21cm
丛书名:
单 册:
中图分类: F113.8 , F47
科图分类:
主题词: 工业经济 , 国际贸易
电子资源:
ISBN: 7-100-00500-0
000 00660nam0 2200217 450
001 2636340130
005 20260414100702.08
010    @a7-100-00500-0@d¥17.00
100    @a20070817d km y0chiy0120 ea
101 0  @achi
200 1  @a国民财富的性质和原因的研究@Aguo min cai fu de xing zhi he yuan yin de yan jiu@h(上)@f(英)亚当.斯密@F(ying)ya dang.si mi@g郭大力等译@Gguo da li deng yi
210    @c商务印书馆
215    @a382@d21cm
606 0  @a工业经济
606 0  @a国际贸易
690    @aF113.8@v3
690    @aF47@v4
701  0 @a亚当·斯密@Aya dang·si mi
702  0 @a郭大力@Aguo da li@4译
801  0 @aCN@bPFT@c20070817
905    @a213230@dF47@e94@f1
    
    国民财富的性质和原因的研究.(上)/(英)亚当.斯密/郭大力等译.-商务印书馆
    382;21cm
    
    
    ISBN 7-100-00500-0:¥17.00
    
●
相关链接 在E读中查询图书 在五车中查询图书 在当当中查询图书 在豆瓣中查询图书


正题名:国民财富的性质和原因的研究     索取号:F47/94         预约/预借

序号 登录号 条形码 馆藏地/架位号 状态 备注
1 1442628   214426281   第一样本阅览室/ [索取号:F47/94] 在馆    
唐山师范学院图书馆 欢迎您!
大连网信软件有限公司© 版权所有